Truyện Hoa tiên : truyện thơ Nôm
Đã lưu trong:
| 主要作者: | |
|---|---|
| 格式: | 图书 |
| 语言: | Undetermined |
| 出版: |
Hà Nội
Văn hóa
1961
|
| 主题: | |
| 标签: |
添加标签
没有标签, 成为第一个标记此记录!
|
| Thư viện lưu trữ: | Trung tâm Học liệu Trường Đại học Cần Thơ |
|---|
| LEADER | 00520nam a2200181Ia 4500 | ||
|---|---|---|---|
| 001 | CTU_10761 | ||
| 008 | 210402s9999 xx 000 0 und d | ||
| 082 | |a 895.92211 | ||
| 082 | |b T550 | ||
| 100 | |a Nguyễn Huy Tự | ||
| 245 | 0 | |a Truyện Hoa tiên | |
| 245 | 0 | |b : truyện thơ Nôm | |
| 245 | 0 | |c Nguyễn Huy Tự, Nguyễn Thiện | |
| 260 | |a Hà Nội | ||
| 260 | |b Văn hóa | ||
| 260 | |c 1961 | ||
| 650 | |a vietnamese poetry | ||
| 980 | |a Trung tâm Học liệu Trường Đại học Cần Thơ | ||